000
00270nam a22001217a 4500
008
240120b |||||||| |||| 00| 0 eng d
100
_a
Bare Act EBC
245
_a
Notaries Act 1952
250
_a
31st
260
_a
Lucknow
_b
EBC
_c
2023
300
_a
32
942
_2
ddc
_c
BK
999
_c
20491
_d
20491